European Painters - Sudden Death - Statistics

General Stats
  • This quiz has been taken 1,185 times
    173 since last reset
  • The average score is 12 of 21
Answers on the Grid
Answers color-coded by a green-red scale on the quiz's grid according to % correct below.
Leonardo da Vinci
Vincent van Gogh
Edward Hopper
Jackson Pollock
Jean-Michel Basquiat
Rembrandt
Sandro Botticelli
Georgia O'Keeffe
Claude Monet
Grant Wood
Frida Kahlo
Christian Skredsvig
Caravaggio
Albrecht Dürer
Johannes Vermeer
Diego Rivera
Diego Velázquez
Edvard Munch
Caspar David Friedrich
Paul Cézanne
René Magritte
Hokusai
Kazimir Malevich
Pablo Picasso
Andy Warhol
Édouard Manet
Robert Rauschenberg
Salvador Dalí
Isaac Levitan
Wassily Kandinsky
Norman Rockwell
El Greco
 
Answer Stats
Answer % Correct
Vincent van Gogh
82%
Leonardo da Vinci
81%
Claude Monet
74%
Pablo Picasso
74%
Rembrandt
70%
Sandro Botticelli
69%
Johannes Vermeer
68%
Paul Cézanne
68%
Salvador Dalí
67%
Caravaggio
66%
Edvard Munch
66%
Édouard Manet
65%
Albrecht Dürer
56%
El Greco
56%
René Magritte
54%
Diego Velázquez
52%
Wassily Kandinsky
52%
Caspar David Friedrich
40%
Kazimir Malevich
32%
Christian Skredsvig
27%
Isaac Levitan
15%
No matching quizzes found
Score Distribution
Percent of People with Each Score
Percentile by Number Answered
Your Score History
You have not taken this quiz since the last reset